Villes françaises plus grandes que leur chef-lieu - Statistiques

Statistiques générales
  • Ce quiz a été pris 7 742 fois
    7 067 depuis la dernière actualisation
  • Le résultat moyen est 7 sur 24
Statistiques - réponses
Chef-Lieu Ville Pop. % Correct
Quimper (29) Brest 139 456
68%
Châlons-en-Champagne (51) Reims 180 318
53%
Rouen (76) Le Havre 165 830
49%
Colmar (68) Mulhouse 108 038
46%
Vannes (56) Lorient 57 412
44%
Bobigny (93) Saint-Denis 113 116
44%
Arras (62) Calais 67 544
39%
Saint-Lô (50) Cherbourg-en-Cotentin 77 789
36%
Nanterre (92) Boulogne-Billancourt 120 911
31%
Carcassonne (11) Narbonne 56 123
27%
Tulle (19) Brive-la-Gaillarde 45 910
24%
Laon (02) Saint-Quentin 53 100
22%
Mâcon (71) Châlon-sur-Saône 45 094
21%
Cergy (95) Argenteuil 108 567
20%
Melun (77) Meaux 55 709
17%
Moulins (03) Montluçon 33 822
17%
Bar-le-Duc (55) Verdun 16 877
17%
Lons-le-Saunier (39) Dole 23 611
14%
Basse-Terre (971) Les Abymes 52 948
14%
Foix (09) Pamiers 15 938
12%
Privas (07) Annonay 16 359
11%
Créteil (94) Vitry-sur-Seine 95 649
11%
Chaumont (52) Saint-Dizier 23 085
10%
Digne-les-Bains (04) Manosque 23 018
9%
Aucun quiz correspondant
Distribution des résultats
% des personnes avec chaque résultat
Percentile par nombre de réponses
Votre historique - résultats
Vous n’avez pas pris ce quiz depuis la dernière actualisation